Lawyers get their debriefing. (Record no. 60963)

MARC details
000 -LEADER
fixed length control field 00684cam a2200205 4500
001 - CONTROL NUMBER
control field ABS61244
008 - FIXED-LENGTH DATA ELEMENTS--GENERAL INFORMATION
fixed length control field 000000n1999 000 0 eng u
035 ## - SYSTEM CONTROL NUMBER
System control number (Sirsi) u101858
100 ## - MAIN ENTRY--PERSONAL NAME
Personal name Gerrard, R.
245 ## - TITLE STATEMENT
Title Lawyers get their debriefing.
260 ## - PUBLICATION, DISTRIBUTION, ETC.
Date of publication, distribution, etc. 1999
490 ## - SERIES STATEMENT
Series statement Estates Gazette
Volume/sequential designation (9936) 11 September 1999, 56-57(2)
520 ## - SUMMARY, ETC.
Summary, etc. Reviews the rankings of law firms in 1999's Legal 500. Gives short league tables for the areas of: general commercial property, property finance, property litigation, development, and planning.
650 ## - SUBJECT ADDED ENTRY--TOPICAL TERM
Topical term or geographic name entry element RANKINGS
650 ## - SUBJECT ADDED ENTRY--TOPICAL TERM
Topical term or geographic name entry element LAWYERS
650 ## - SUBJECT ADDED ENTRY--TOPICAL TERM
Topical term or geographic name entry element SOLICITORS
650 ## - SUBJECT ADDED ENTRY--TOPICAL TERM
Topical term or geographic name entry element PROPERTY LITIGATION
690 ## - LOCAL SUBJECT ADDED ENTRY--TOPICAL TERM (OCLC, RLIN)
Topical term or geographic name as entry element LAW
942 ## - ADDED ENTRY ELEMENTS (KOHA)
Suppress in OPAC 0
Holdings
Withdrawn status Lost status Source of classification or shelving scheme Damaged status Not for loan Home library Current library Shelving location Date acquired Total Checkouts Full call number Barcode Date last seen Copy number Price effective from Koha item type
    Dewey Decimal Classification     London London Journal article 11/11/1999   ABS61244 101858-1001 06/08/2019 1 06/08/2019 Journal article